En gagnant mon pain (Registro nro. 302506)

Detalles MARC
000 -ENCABEZADO
Número de control [NR] 01160nam a22002537a 4500
005 - FECHA Y HORA DE LA ÚLTIMA TRANSACCIÓN
control field 20160126112815.0
008 - DE LONGITUD FIJA DE DATOS DE ELEMENTOS - INFORMACIÓN GENERAL
Elementos de longitud fija [NR] 160126s1923 fre||||fr|||| 000 0afre d
040 ## - FUENTE DE CATALOGACION [NR]
Quien Cataloga Sandra Yazo
Quien Clasifica Sandra Yazo
041 0# - CODIGO DE IDIOMA [R]
Código de idioma para texto/pista de sonido o título separado [R] Francés
082 04 - NUMERO DE CLASIFICACION DECIMAL DEWEY [R]
Número de la edición [NR] 20
Número de clasificación [R] 920
092 ## - SIGNATURA TOPOGRAFICA LOCAL
Número de clasificación local E38N017
100 1# - ASIENTO PRINCIPAL--NOMBRE PERSONAL [NR]
Nombre personal [NR] Gorky, Maksim
Fechas asociadas con el nombre [NR] 1868-1936
ID Autoridad 75064
245 10 - MENCION DE TITULO [NR]
Título [NR] En gagnant mon pain
Parte restante del título [NR] Mémoires autobiographiques
Mención de responsabilidad, etc. [NR] Maxime Gorki ; Traduit d’ après le manuscrit par Serge Persky
250 ## - MENCION DE EDICION [NR]
Mención de edición [NR] Neuvième édition [Novena edición]
260 ## - PUBLICACION, DISTRIBUCION, ETC. (PIE DE IMPRENTA) [R]
Lugar de publicación, distribución, etc. [R] París (Francia)
Nombre del editor, distribuidor, etc. [R] Calmann-Lévy, Éditeurs [Calmann-Lévy, editores]
Fecha de publicación, distribución, etc. [R] 1923
300 ## - DESCRIPCION FISICA [R]
Extensión [R] iii, 360 páginas
Dimensiones [R] 19 x 12 cm.
500 ## - NOTA GENERAL [R]
Nota general [NR] Detalles físicos: Encuadernación flexible en cartulina. Tapas y lomo con datos de publicación impresos. Hoja de cortesías. Anteportada. Portada impresa en una sola tinta. Texto impreso en una columna. Algunas hojas sin refilar
600 1# - ASIENTO SECUNDARIO DE MATERIA - NOMBRE PERSONAL [R]
Nombre personal [NR] Gorky, Maksim
Fechas asociadas con el nombre [NR] 1868-1936
Subdivisión general [R] Autobiografías
9 (RLIN) 75065
650 #7 - ASIENTO SECUNDARIO DE MATERIA - TERMINO TEMATICO [R]
9 (RLIN) 9766
Término temático o nombre geográfico como elemento de entrada [NR] Autobiografías
650 #7 - ASIENTO SECUNDARIO DE MATERIA - TERMINO TEMATICO [R]
9 (RLIN) 18740
Término temático o nombre geográfico como elemento de entrada [NR] Literatura rusa
690 ## - ASUNTO AGREGADO LOCAL DE ENTRADA - TÉRMINO TEMÁTICO (OCLC, RLIN)
9 (RLIN) 42750
Acceso temático local Biografías
700 1# - ASIENTO SECUNDARIO - NOMBRE PERSONAL [R]
Nombre personal [NR] Persky, Serge
Títulos u otras palabras asociadas con el nombre [R] 1870-1938
Término de relación [R] traductor
9 (RLIN) 75066
942 ## - ELEMENTOS DE ENTRADA AGREGADOS (KOHA)
Sistema de clasificación LOCAL
Tipo de ítem principal el descrito en 300a Libro
Edición 1
Clasificación E38N017
Existencias
Suprimido Perdido Sistema de clasificación Dañado No prestable Tipo de ítem específico Ubicación habitual Ubicación actual Localización Fecha de creación Forma de adquisición Costo Total préstamos Signatura topográfica Código de barras Última vez visto Ejemplar Price effective from Tipo de ítem
    LOCAL     Libro archivo Archivo Histórico Archivo Histórico Archivo histórico 26/01/2016 Donación 0.00   E38N017 L005317 26/01/2016 Ej.1 26/01/2016 Libro